| 000 -LEADER |
| fixed length control field |
00469pab a2200157 454500 |
| 008 - FIXED-LENGTH DATA ELEMENTS--GENERAL INFORMATION |
| fixed length control field |
180718b1999 xxu||||| |||| 00| 0 eng d |
| 100 ## - MAIN ENTRY--PERSONAL NAME |
| Personal name |
Williams, Christine L. |
| 245 ## - TITLE STATEMENT |
| Title |
Sexuality in the workplace: organizational control, sexual harassment, and the pursuit of pleasure |
| 260 ## - PUBLICATION, DISTRIBUTION, ETC. |
| Date of publication, distribution, etc. |
1999 |
| 300 ## - PHYSICAL DESCRIPTION |
| Extent |
p.73-93 |
| 650 ## - SUBJECT ADDED ENTRY--TOPICAL TERM |
| Topical term or geographic name entry element |
Sexual abuse |
| 700 ## - ADDED ENTRY--PERSONAL NAME |
| Personal name |
Dellinger, Kirsten |
| 700 ## - ADDED ENTRY--PERSONAL NAME |
| Personal name |
Giuffre, Patti A. |
| 773 ## - HOST ITEM ENTRY |
| Main entry heading |
Annual Review of Sociology |
| 909 ## - |
| -- |
42766 |